[Event "Cellavision Cup 2018"]
[Site "Lund"]
[Date "2018.08.04"]
[Round "5"]
[White "Sivuk, Vitaly"]
[Black "Schwarz, Dusan"]
[Result "1-0"]
[WhiteElo "2535"]
[BlackElo "2274"]
[Annotator "TA"]
[PlyCount "65"]
[EventDate "2018.08.03"]
[EventType "swiss"]
[EventCountry "SWE"]
[SourceTitle "playchess.com"]
[Source "ChessBase"]
[SourceQuality "1"]

{[%evp 21,65,69,81,0,0,12,9,2,136,130,214,215,214,208,232,198,209,209,207,201,206,204,195,205,338,326,329,333,361,345,358,334,377,322,429,422,487,479,836,822,2335,2424,29990,1279,29997,29998]} 1. e4 c5 2. Nf3 d6 3. d4 cxd4 4. Nxd4 Nf6 5. Nc3 g6 6. Be3 Bg7 7. Be2 O-O 8. Qd2 Nc6 9. O-O-O d5 10. exd5 {B72: Sizilianisch (Drachen-Variante)} Nxd5 11. Nxc6 bxc6 {LiveBook: 9 Partien} 12. Bd4 (12. Nxd5 $16 {Und Sf6+! würde nun gewinnen.} Qxd5 13. Qxd5 cxd5 14. Rxd5) 12... e5 $146 ({Vorgänger:} 12... Bxd4 13. Qxd4 Be6 14. Nxd5 Bxd5 15. c4 Be6 16. Qxd8 Rfxd8 17. Rxd8+ Rxd8 {½-½ (25) Szczepanski,Z (2440)-Rensen,M (2260) LSS email 2009}) 13. Bc5 {[%cal Rc3d5]} Be6 14. Bf3 {[%cal Rf3d5]} e4 (14... Nxc3 $11 15. Qxc3 Qg5+ 16. Qe3 Qxe3+ 17. Bxe3 (17. fxe3 Rfc8 $14) 17... Rfc8) 15. Nxe4 $16 f5 (15... Qc7 $16 {war nötig.}) 16. Ng5 $1 $18 {[%cal Rg5e6]} (16. Bxf8 Qxf8 17. Ng5 (17. Nc3 $2 Nxc3 18. Rhe1 Nxa2+ 19. Kb1 Nc3+ 20. Kc1 Na2+ 21. Kb1 Rb8 $19) 17... Rb8 $19) 16... Rb8 17. b3 $1 Nc3 18. Qxd8 (18. Nxe6 Qa5 $16) 18... Nxa2+ {[#]} 19. Kb1 $1 {[%cal Bc1b1,Bb1a1,Ba1b2][%mdl 32]} Nc3+ {[#]} 20. Ka1 $1 Nxd1+ 21. Qd4 $1 {[%cal Rd4g7]} Bxd4+ 22. Bxd4 Bd5 (22... Nxf2 $142 23. Re1 (23. Bxf2 Bd5 $16) 23... Bxb3) 23. Bxd5+ ({Weniger gut wäre} 23. Bxd1 Rfd8 $16) ({Finger weg von} 23. Rxd1 Rbd8 $18) 23... cxd5 24. Rxd1 Rfe8 25. Kb2 a5 26. Bc3 a4 27. Rxd5 {Schwarz muss nun Td7 beachten.} Re2 28. b4 {Und weiter mit Td7 wäre nett.} a3+ 29. Kxa3 Rxc2 (29... h6 $142 30. Nh3 Rxc2) 30. Kb3 Rxf2 31. Rd7 Kf8 32. Bf6 (32. Nxh7+ $142 Kg8 33. Bd4 Re2 34. Rg7+ Kh8 35. Ng5 Re3+ 36. Kc4 Rxb4+ 37. Kxb4 Rb3+ 38. Kxb3 f4 39. Rxg6#) 32... Rxg2 33. Ne6+ {Precision: Weiß = 62%, Schwarz = 31%.} 1-0

[Event "Cellavision Cup 2018"]
[Site "Lund"]
[Date "2018.08.04"]
[Round "5"]
[White "Hector, Jonny"]
[Black "Sumets, Andrey"]
[Result "1-0"]
[WhiteElo "2491"]
[BlackElo "2575"]
[Annotator "TA"]
[PlyCount "85"]
[EventDate "2018.08.03"]
[EventType "swiss"]
[EventCountry "SWE"]
[SourceTitle "playchess.com"]
[Source "ChessBase"]
[SourceQuality "1"]

{[%evp 23,85,33,33,38,35,25,17,17,31,0,42,24,124,115,106,92,91,88,83,77,91,85,91,76,103,146,121,79,96,57,87,0,0,0,0,0,0,0,0,0,0,0,0,0,0,0,0,-23,0,0,0,0,0,0,0,0,29988,29989,29989,29990,29994,29995,29995,29996]} 1. e4 {[%cal Be2e4,Be4e5][%mdl 32]} e6 2. d4 d5 3. e5 c5 4. c3 Nc6 5. Nf3 Bd7 6. Be2 Nge7 7. Na3 cxd4 8. cxd4 Nf5 9. Nc2 Nb4 10. O-O Nxc2 11. Qxc2 Qb6 12. Qd3 h6 {LiveBook: 4 Games. C02: French: Advance Variation} (12... Rc8 13. h4 h6 14. h5 a6 15. a4 Bb4 16. g4 Ne7 17. Be3 Nc6 18. Rfc1 Be7 19. Bd1 a5 20. Rc3 {0-1 (76) Shirov,A (2730)-Drozdovskij,Y (2627) Ohrid 2009}) 13. Bd2 Bb4 14. Bxb4 Qxb4 {White has an edge.} 15. Rfc1 $146 ({Predecessor:} 15. a3 Qb6 16. Rac1 O-O 17. b4 Rfc8 18. Rc5 Qd8 19. Rfc1 b6 20. R5c3 Rxc3 21. Rxc3 {0-1 (51) Seret,J (2380)-Vaisman,V (2370) Epinal 1989}) 15... a6 16. Rc3 {[%cal Bc1c3,Bc3b3,Bb3b7][%mdl 32]} O-O 17. Rb3 Qa4 (17... Qa5 $11) 18. g4 $36 {[%mdl 2048] White is really pushing.} Ne7 19. Rxb7 Ng6 20. Qd2 Bb5 21. b3 Qa3 22. Bxb5 axb5 23. Rxb5 Rfc8 24. h4 {[%cal Bh2h4,Bh4g5][%mdl 32]} Qe7 25. g5 hxg5 26. hxg5 Qa3 27. Ne1 ({Better is} 27. Kg2 $16) 27... Nh4 $1 $11 28. Kh2 {[%cal Bg1h2,Bh2h3,Bh3g2][%mdl 32]} Rc7 29. Kh3 Nf5 30. Nf3 Rac8 $1 31. Ra5 Qf8 32. Kg2 Rc2 33. Qf4 $1 Qb4 34. Ra7 Qc3 35. Re1 Qb2 36. Rf1 {Hoping for g6!} g6 {aiming for ...Re2.} 37. Nh2 {[%cal Bf3h2,Bh2g4,Bg4f2][%mdl 32] Threatens to win with Ng4.} Rd2 38. Ng4 Kg7 $1 (38... Rxd4 39. Nf6+ Kg7 40. Rh1 $1 {[%mdl 512]} Qxf2+ 41. Qxf2 Rg4+ 42. Nxg4 Rc3 43. Ra8 Rg3+ 44. Qxg3 d4 45. Nf6 $1 {[%mdl 512]} Nh4+ 46. Rxh4 d3 47. Rh7#) 39. Rh1 {Intending Nf6 and mate.} Rc3 $2 {[%mdl 8192] [#]} ({And not} 39... Rxd4 40. Nf6 $1 {[%mdl 512]} Qxf2+ 41. Qxf2 Rg4+ 42. Nxg4 Rc3 43. Rxf7+ $1 {[%mdl 512]} Kxf7 44. Qa7+ Rc7 45. Qxc7+ Ne7 46. Rh8 d4 47. Qd8 Kg7 48. Qf8#) (39... Rc1 $11 40. Rxc1 Qxc1) 40. Ra8 $1 {White mates.} Rxf2+ 41. Nxf2 Ne3+ {[#]} 42. Qxe3 $3 Rxe3 43. Rah8 {Precision: White = 73%, Black = 70%.} 1-0

[Event "Cellavision Cup 2018"]
[Site "Lund"]
[Date "2018.08.04"]
[Round "5"]
[White "Gritsak, Orest"]
[Black "Urkedal, Frode Olav Olsen"]
[Result "1/2-1/2"]
[WhiteElo "2464"]
[BlackElo "2537"]
[Annotator "TA"]
[PlyCount "117"]
[EventDate "2018.08.03"]
[EventType "swiss"]
[EventCountry "SWE"]
[SourceTitle "playchess.com"]
[Source "ChessBase"]
[SourceQuality "1"]

{[%evp 27,117,0,0,-6,0,0,0,0,12,15,10,0,0,0,0,0,0,-11,0,-6,0,-8,-4,-6,-6,-20,-16,-11,-3,-6,0,-11,-6,-5,-5,-8,0,-14,-14,-11,0,0,0,0,0,-9,-6,-10,-10,-13,-10,-21,-15,-21,-20,-22,-10,-12,-10,-13,-14,-22,-13,-8,-14,-34,-39,-37,-35,-37,-8,-28,-8,-10,-8,-8,-8,-8,-8,-8,0,-8,8,-8,-8,-8,-8,-8,-8,-8,-8,-9]} 1. Nf3 Nf6 2. c4 e6 3. g3 d5 4. Bg2 Be7 5. d4 O-O 6. O-O c6 7. Nbd2 b6 8. b3 Bb7 9. Bb2 Nbd7 10. Rc1 Rc8 11. Qc2 c5 12. Qb1 dxc4 13. Nxc4 b5 14. Ne3 {E09: Closed Catalan: Main Line: 7 Qc2 c6 8 Nbd2} (14. Ncd2 Qb6 15. Rfd1 Rfd8 16. Qa1 a6 17. dxc5 Bxc5 18. Bd4 Bxd4 19. Qxd4 Nc5 20. Qf4 h6 21. Ne5 Bxg2 22. Kxg2 Qb7+ {0-1 (63) Hungaski,R (2510)-Cori Tello,J (2659) Montevideo 2018}) 14... Qb6 {LiveBook: 4 Games} 15. Rfd1 Be4 16. Qa1 Qb7 17. Ne1 Rfe8 $146 ({Predecessor:} 17... Bxg2 18. N1xg2 cxd4 19. Bxd4 Ba3 20. Rc2 Rfd8 21. Ne1 Be7 {½-½ (21) Barcza,G-Sandor,B Budapest 1958}) 18. Bxe4 Qxe4 19. Nf3 a6 20. dxc5 Bxc5 21. Bd4 Bf8 22. Nd2 Qb7 23. Rxc8 Rxc8 24. Rc1 h6 25. Rxc8 Qxc8 26. Qc3 Qxc3 27. Bxc3 Bc5 28. Nc2 Nd5 29. Bb2 f5 30. Kf1 Kf7 31. e3 e5 32. Ke2 N5f6 33. f3 Ke6 34. e4 g6 35. Bc3 Bg1 36. Kf1 Bb6 37. exf5+ gxf5 38. Ke2 Nd5 39. Bb2 N7f6 40. Nf1 Bg1 41. h3 Nh5 42. Ne1 Bc5 43. Nd3 Bd6 44. Kf2 e4 45. fxe4 fxe4 46. Nc1 Be5 47. Bxe5 Kxe5 $15 {[%mdl 4096] Endgame KNN-KNN} 48. Ne2 Nb4 49. a4 bxa4 50. bxa4 {The position is equal.} Nf6 51. Nf4 Kd4 52. Ne3 Nd3+ 53. Ke2 h5 54. Ne6+ Kc3 55. Nf5 Kb4 56. Ke3 Kxa4 57. g4 hxg4 58. hxg4 Nxg4+ 59. Kxe4 {Precision: White = 67%, Black = 48%.} 1/2-1/2

[Event "Cellavision Cup 2018"]
[Site "Lund"]
[Date "2018.08.04"]
[Round "5"]
[White "Cramling, Pia"]
[Black "Ronneland, Daniel"]
[Result "1-0"]
[WhiteElo "2453"]
[BlackElo "2206"]
[Annotator "TA"]
[PlyCount "77"]
[EventDate "2018.08.03"]
[EventType "swiss"]
[EventCountry "SWE"]
[SourceTitle "playchess.com"]
[Source "ChessBase"]
[SourceQuality "1"]

{[%evp 21,76,25,40,0,0,0,44,37,74,90,92,77,81,39,28,33,49,65,72,74,142,52,52,-17,-35,-10,3,0,0,-270,-296,-293,-257,-291,-281,-358,0,0,86,57,109,64,37,39,200,71,1455,1429,1296,1329,1455,1445,1441,1422,29992,29993,29999]} 1. Nf3 g6 2. d4 Nf6 3. c4 Bg7 4. Nc3 O-O 5. e4 d6 6. h3 e5 7. d5 Nh5 8. g3 {E90: King's Indian: Classical: Early deviations and 6 h3} f5 (8... Na6 9. Be2 Nc5 10. b4 Nd7 11. Rb1 a5 12. a3 axb4 13. axb4 Qe7 14. Bg5 f6 15. Be3 f5 16. exf5 {½-½ (68) Akobian,V (2647)-Guseinov,G (2646) Riadh 2017}) 9. exf5 gxf5 10. Ng5 Nf6 11. Bg2 Na6 {LiveBook: 6 Games} 12. Be3 (12. g4 $5) 12... Qe7 13. Qe2 $146 ({Predecessor:} 13. O-O h6 14. Nf3 Qf7 15. Nh4 Bd7 {0-1 (70) Shen,Y (2453)-Ju,W (2443) Nanjing 2009}) 13... h6 14. Nf3 $1 Nh5 15. Nh4 Qf7 16. Bf3 Nf6 17. O-O-O e4 $1 {[%cal Re4f3]} 18. Bg2 Nc5 19. Kb1 Bd7 20. Qd2 Kh7 ({Black should play} 20... Rab8) 21. Bf1 (21. g4 $16) 21... a6 $14 22. Ne2 (22. Re1 $14) 22... b5 $11 {...Nd3 is the strong threat.} 23. Nd4 Nh5 24. Be2 bxc4 25. g4 $2 {[%mdl 8192]} (25. Bxc4 $11 f4 26. gxf4) 25... f4 $19 26. gxh5 fxe3 27. fxe3 Qxd5 28. Rhg1 Rab8 $2 ({Inferior is} 28... Bxh3 29. Qc3 $11) ({Black should try} 28... Nd3 $1 $19 {Hoping for ...Rab8.} 29. Rg6 Rf2) 29. Bxc4 $1 $11 Qxh5 (29... Qxc4 $11 {remains equal.} 30. Rxg7+ Kxg7 31. Qg2+ Kf7 32. Rf1+ Qxf1+ $1 {[%mdl 512]} 33. Qxf1+ Ke8) 30. Ng6 $1 $16 {And now Qg2 would win.} Rf6 {[#]} 31. Nf4 $1 {[%cal Rf4h5]} Rxf4 $1 32. exf4 d5 $2 ({Better is} 32... Bf6 $1 $14) 33. Qg2 $40 {[%mdl 128] Black is in trouble.} (33. Nb3 $18 dxc4 {[#]} 34. Rxg7+ $1 {[%mdl 512]} Kxg7 35. Qd4+ Kh7 36. Nxc5) 33... Ne6 $2 {[%mdl 8192]} (33... Rg8 $16 34. f5 dxc4) 34. Nxe6 $18 {[%csl Ge6,Gg1][%cal Rg2g7]} Rxb2+ 35. Qxb2 Bxb2 36. Nf8+ Kh8 37. Rxd5 Bf5 38. Rxf5 Qxf5 39. Rg8# {Precision: White = 47%, Black = 25%.} 1-0

[Event "Cellavision Cup 2018"]
[Site "Lund"]
[Date "2018.08.04"]
[Round "5"]
[White "Ahlander, Bjorn"]
[Black "Ivarsson, Torbjorn"]
[Result "1/2-1/2"]
[WhiteElo "2433"]
[BlackElo "2156"]
[Annotator "NA"]
[PlyCount "136"]
[EventDate "2018.08.03"]
[EventType "swiss"]
[EventCountry "SWE"]
[SourceTitle "playchess.com"]
[Source "ChessBase"]
[SourceQuality "1"]
[TimeControl "900+5"]

1. d4 {[%emt 0:00:00]} e6 {[%emt 0:00:00]} 2. Nf3 {[%emt 0:00:00]} f5 {[%emt 0:00:00]} 3. g3 {[%emt 0:00:00]} Nf6 {[%emt 0:00:00]} 4. Bg2 {[%emt 0:00:00]} Be7 {[%emt 0:00:00]} 5. b3 {[%emt 0:00:00] A81: Dutch Defence: 2 g3} (5. O-O d5 6. c4 Ne4 7. Nbd2 Nc6 8. e3 h5 9. Ne5 Nxe5 10. dxe5 h4 11. Nxe4 dxe4 12. Qxd8+ Kxd8 13. f3 exf3 14. Bxf3 {0-1 (22) Stella,A (2511)-Rapport,R (2700) Villorba 2018}) 5... O-O {[%emt 0:00:00]} 6. Bb2 {[%emt 0:00:00]} d6 {[%emt 0:00:00]} 7. Nbd2 {[%emt 0:00:00]} Qe8 {[%emt 0:00:00]} 8. e3 {[%emt 0:00:00]} a5 $146 {[%emt 0:00:00]} ({Predecessor:} 8... Bd7 9. Ng5 Nc6 10. O-O Qg6 11. Ngf3 Rae8 12. c4 Bd8 {1-0 (41) Bilek,I-Farago,I Budapest 1968}) 9. a3 {[%emt 0:00:00]} Qh5 {[%emt 0:00:00]} 10. Qe2 {[%emt 0:00:00]} Ne4 {[%emt 0:00:00]} 11. h3 {[%emt 0:00:00]} Nxd2 {[%emt 0:00:00]} 12. Nxd2 {[%emt 0:00:00]} Qxe2+ {[%emt 0:00:00]} 13. Kxe2 {[%emt 0:00:00]} Nd7 {[%emt 0:00:00]} 14. g4 {[%emt 0:00:00]} f4 {[%emt 0:00:00]} 15. exf4 {[%emt 0:00:00]} Rxf4 {[%emt 0:00:00]} 16. Rae1 {[%emt 0:00:00]} Nb6 {[%emt 0:00:00]} 17. Ne4 {[%emt 0:00:00]} a4 {[%emt 0:00:00]} 18. Bc1 {[%emt 0:00:00]} Rf7 {[%emt 0:00:00]} 19. b4 $1 {[%emt 0:00:00]} Bd7 {[%emt 0:00:00]} 20. Nc3 {[%emt 0:00:00]} (20. h4 $15) 20... d5 {[%emt 0:00:00]} 21. Rhf1 {[%emt 0:00:00]} Raf8 {[%emt 0:00:00]} 22. Rd1 {[%emt 0:00:00]} Bd6 {[%emt 0:00:00]} 23. Rd3 {[%emt 0:00:00]} c6 {[%emt 0:00:00]} 24. Rf3 {[%emt 0:00:00]} Rxf3 {[%emt 0:00:58]} 25. Bxf3 {[%emt 0:00:00]} Be8 {[%emt 0:00:00]} 26. Bg2 {[%emt 0:00:00]} Bg6 {[%emt 0:00:00]} 27. Kd1 {[%emt 0:00:00]} e5 {[%emt 0:01:38]} 28. dxe5 {[%emt 0:00:00]} Bxe5 {[%emt 0:00:00]} 29. Ne2 {[%emt 0:00:00]} h6 {[%emt 0:00:57]} 30. f4 {[%emt 0:01:21]} Bf6 {[%emt 0:00:00]} 31. f5 {[%emt 0:02:15]} Bf7 {[%emt 0:00:00]} 32. Nf4 {[%emt 0:01:31]} Re8 {[%emt 0:00:00]} 33. Rf3 {[%emt 0:02:46]} Nc4 {[%emt 0:00:07]} 34. Bf1 {[%emt 0:00:00]} Ne5 {[%emt 0:02:06]} 35. Re3 {[%emt 0:00:41]} Bg5 {[%emt 0:00:46]} 36. Re1 {[%emt 0:00:16]} Kf8 {[%emt 0:01:27]} 37. Be3 {[%emt 0:02:42]} d4 {[%emt 0:01:12]} 38. Bc1 {[%emt 0:02:35]} Nc4 {[%emt 0:03:06]} 39. Ng6+ {[%emt 0:03:05]} Bxg6 {[%emt 0:00:05]} 40. Rxe8+ {[%emt 0:00:00]} Bxe8 {[%emt 0:00:01]} 41. Bxc4 {[%emt 0:00:00]} Bxc1 {[%emt 0:00:06]} 42. Kxc1 {[%emt 0:00:00]} Ke7 {[%emt 0:00:00]} 43. Kd2 {[%emt 0:00:10]} Kd6 {[%emt 0:00:00]} 44. Be6 {[%emt 0:00:38]} b6 {[%emt 0:00:38]} 45. h4 {[%emt 0:00:04]} c5 {[%emt 0:00:51]} 46. c3 {[%emt 0:00:00]} Ke5 {[%emt 0:00:43]} 47. bxc5 {[%emt 0:00:00]} bxc5 {[%emt 0:00:00]} 48. cxd4+ {[%emt 0:00:12]} cxd4 {[%emt 0:00:00]} 49. g5 $2 {[%emt 0:00:00]} (49. Bc8 $11) 49... hxg5 $1 {[%emt 0:00:00]} 50. hxg5 {[%emt 0:00:00]} g6 {[%emt 0:00:08]} 51. Bc4 {[%emt 0:00:15]} gxf5 $2 {[%emt 0:00:13]} (51... Kxf5 52. Kd3 Kxg5 53. Kxd4 Kf4) 52. Kd3 {[%emt 0:00:01]} f4 {[%emt 0:00:00]} 53. Ke2 {[%emt 0:00:15] [#]} Bh5+ {[%emt 0:00:20]} (53... Kf5 $1 $19 54. Kd3 Bd7 55. Kxd4 Kxg5) 54. Kd2 {[%emt 0:00:00] [#]} (54. Ke1 $1 $15) 54... Be8 $2 {[%emt 0:00:18]} (54... f3 $1 $19 {[%cal Rf3f2]} 55. Ke1 Ke4) 55. Ke2 {[%emt 0:00:00] [#]} Bg6 $2 {[%emt 0:01:16]} 56. Kd2 {[%emt 0:00:00]} f3 {[%emt 0:00:59]} 57. Bb5 {[%emt 0:00:00]} Kf4 {[%emt 0:00:24]} 58. Bxa4 {[%emt 0:00:00]} d3 {[%emt 0:00:00]} 59. Bc6 {[%emt 0:00:00]} f2 $19 {[%emt 0:00:04]} (59... Kg3 $142 60. Bb5 f2 61. Bxd3 Bxd3 62. Kxd3 f1=Q+ 63. Kc3 Qc1+ 64. Kd4 Qxg5 65. Kc4 Qc1+ 66. Kb4 Qb2+ 67. Kc4 Qxa3 68. Kd4 Qb4+ 69. Kd5 Kf4 70. Ke6 Qd2 71. Kf7 Qd7+ 72. Kf6 Qe8 73. Kg7 Kf5 74. Kh7 Kf6 75. Kh6 Qh8#) 60. Bg2 {[%emt 0:00:00]} Kxg5 {[%emt 0:00:00]} 61. Ke3 {[%emt 0:00:00]} Kf6 {[%emt 0:00:00]} 62. Kxf2 {[%emt 0:00:00]} Ke5 {[%emt 0:00:00]} 63. Ke3 {[%emt 0:00:00]} Kd6 {[%emt 0:00:00]} 64. Bf1 {[%emt 0:00:00]} Kc5 {[%emt 0:00:00]} 65. Bxd3 {[%emt 0:00:00]} Bxd3 {[%emt 0:00:00]} 66. Kxd3 {[%emt 0:00:00]} Kb5 {[%emt 0:00:00]} 67. Kc3 {[%emt 0:00:00]} Ka4 {[%emt 0:00:00]} 68. Kc4 {[%emt 0:00:00]} Kxa3 {[%emt 0:00:00]} 1/2-1/2

[Event "Cellavision Cup 2018"]
[Site "Lund"]
[Date "2018.08.04"]
[Round "5"]
[White "Lindberg, Bengt"]
[Black "Ornstein, Axel"]
[Result "1/2-1/2"]
[WhiteElo "2416"]
[BlackElo "2309"]
[Annotator "TA"]
[PlyCount "87"]
[EventDate "2018.08.03"]
[EventType "swiss"]
[EventCountry "SWE"]
[SourceTitle "playchess.com"]
[Source "ChessBase"]
[SourceQuality "1"]

{[%evp 13,87,46,54,25,34,0,30,-4,17,17,26,22,52,38,66,64,73,75,74,53,45,15,43,53,37,28,45,34,50,21,41,42,31,21,135,-7,-3,-10,0,-100,0,0,11,8,16,0,35,37,47,31,35,37,31,12,59,52,53,28,27,25,26,19,20,19,14,9,9,3,11,7,26,27,29,29,29,-58]} 1. e4 e5 2. Nf3 Nc6 3. Bb5 g6 4. c3 d6 5. d4 Bd7 6. O-O Bg7 7. Re1 Nf6 {LiveBook: 5 Games} 8. a4 {C60: Ruy Lopez: Unusual Black 3rd moves and 3...g6} (8. Bg5 h6 9. Bh4 O-O 10. Ba4 Qc8 11. Bxf6 Bxf6 12. d5 Ne7 13. Bxd7 Qxd7 14. c4 Bg7 15. Nc3 f5 {0-1 (36) Fedorchuk,S (2635)-Van Foreest,J (2548) Berlin 2015}) 8... O-O 9. Bg5 $146 ({Predecessor:} 9. dxe5 Nxe5 10. Nxe5 dxe5 11. Bc4 Bc6 12. Qxd8 Rfxd8 13. f3 Nd7 14. b4 Nb6 15. Bb3 Rd3 {0-1 (82) Goetz,R (2360)-Ueter,H (2245) Germany 1987}) 9... h6 10. Bh4 a6 11. Bc4 g5 12. Bg3 {[%cal Rd4e5]} Bg4 13. dxe5 Bxf3 14. Qxf3 Nxe5 15. Bxe5 dxe5 16. Na3 Qd2 17. Ba2 b5 18. Re2 Qd7 19. Nc2 bxa4 20. Ne3 g4 21. Qg3 Nxe4 22. Qh4 Nf6 23. Rd1 Qc8 (23... Qb5 $11 24. Bc4 Qc6) 24. Nd5 (24. f3 $1 $16) 24... Nxd5 $11 25. Bxd5 Rb8 26. Re4 {[#]} (26. Red2 $11) 26... Qf5 ({But not} 26... Rxb2 $6 27. Rxg4 Kh8 28. Rxa4 $11) (26... Rd8 $1 $17 27. Rxg4 Rd6) 27. Rxg4 Rbd8 28. h3 {And now Bxf7+! would win.} Kh8 {Hoping for ...Qc2.} 29. Kh2 ({Avoid the trap} 29. Rxa4 $2 {[#]} c6 $1 $19 {[%mdl 512]}) 29... a3 (29... Rd6 {looks sharper.} 30. Be4 Qd7 31. Qg3 f5 32. Rxd6 cxd6 33. Bc6 Qc7) 30. bxa3 Qf6 31. Qxf6 Bxf6 32. Rc4 e4 33. g3 Be5 34. Rxe4 Bxc3 35. Rc4 Be5 36. f4 Bd6 37. a4 Kg7 38. Kg2 Rb8 39. Rdc1 Rb2+ 40. Kf3 Rb3+ 41. R4c3 Rxc3+ 42. Rxc3 {White has an edge.} Rb8 43. Rc6 Rb6 44. Ke4 {Precision: White = 39%, Black = 41%.} ({Better is} 44. Rxb6 $11 cxb6 45. Bc4) 1/2-1/2

[Event "Cellavision Cup 2018"]
[Site "Lund"]
[Date "2018.08.04"]
[Round "5"]
[White "Hoi, Carsten"]
[Black "Nordebrink, Johan"]
[Result "1/2-1/2"]
[WhiteElo "2380"]
[BlackElo "2146"]
[Annotator "TA"]
[PlyCount "49"]
[EventDate "2018.08.03"]
[EventType "swiss"]
[EventCountry "SWE"]
[SourceTitle "playchess.com"]
[Source "ChessBase"]
[SourceQuality "1"]

{[%evp 23,49,14,12,-8,0,0,0,-28,-5,-57,-10,-13,0,0,0,-8,0,0,0,0,0,0,0,0,0,0,0,-7]} 1. d4 Nf6 2. c4 e6 3. Nc3 Bb4 4. e3 O-O 5. Bd3 d5 6. Nge2 dxc4 7. Bxc4 c5 8. O-O Nc6 9. a3 Bxc3 10. bxc3 e5 11. a4 {E49: Nimzoindisch (Moderne Variante)} (11. Bb2 Na5 12. Ba2 Be6 13. Bxe6 fxe6 14. a4 Nc4 15. Ba3 Ng4 16. h3 Nxf2 17. Rxf2 Rxf2 18. Kxf2 Qg5 19. Bc1 {½-½ (42) Rakhmanov,A (2543)-Andreikin,D (2625) Dagomys 2009}) 11... cxd4 12. cxd4 exd4 {LiveBook: 6 Partien} 13. exd4 Nd5 $146 ({Vorgänger:} 13... Bg4 14. f3 Be6 15. Bb5 Nd5 16. Bxc6 bxc6 17. Qc2 Re8 18. Ng3 Qb6 {1-0 (35) Pham,M (2486)-Pile,R (2326) France 2009}) 14. Ba3 Re8 15. Qd2 Be6 (15... Na5 $5 {[%cal Ra5c4]} 16. Ba2 Be6 $11) 16. Rfd1 (16. Bb5 $11) 16... Qa5 17. Qb2 {Die Stellung ist ausgeglichen.} Rab8 18. Bxd5 Bxd5 19. Nc3 Re6 20. Nxd5 Qxd5 21. Qb5 Qe4 22. Qd3 Qd5 23. Qb5 Qe4 24. Qd3 {[#] Und d5 würde nun gewinnen.} Qd5 25. Qb5 {Precision: Weiß = 37%, Schwarz = 30%.} 1/2-1/2

[Event "Cellavision Cup 2018"]
[Site "Lund"]
[Date "2018.08.04"]
[Round "5"]
[White "Ernst, Thomas"]
[Black "Golubka, Petro"]
[Result "1-0"]
[WhiteElo "2346"]
[BlackElo "2478"]
[Annotator "ChessBase"]
[PlyCount "151"]
[EventDate "2018.08.03"]
[EventType "swiss"]
[EventCountry "SWE"]
[SourceTitle "playchess.com"]
[Source "ChessBase"]
[SourceQuality "1"]
[TimeControl "900+5"]

1. e4 {[%emt 0:00:00]} e6 {[%emt 0:00:00]} 2. d4 {[%emt 0:00:00]} d5 {[%emt 0:00:00]} 3. Nc3 {[%emt 0:00:00]} Bb4 {[%emt 0:00:00]} 4. e5 {[%emt 0:00:00]} c5 {[%emt 0:00:00]} 5. a3 {[%emt 0:00:00]} Bxc3+ {[%emt 0:00:00]} 6. bxc3 {[%emt 0:00:00]} b6 {[%emt 0:00:00]} 7. Qg4 {[%emt 0:00:00]} Kf8 {[%emt 0:00:00]} 8. a4 {[%emt 0:00:00]} Ne7 {[%emt 0:00:00]} 9. Ba3 {[%emt 0:00:00]} Qc7 {[%emt 0:00:00]} 10. Nf3 {[%emt 0:00:00]} Ba6 {[%emt 0:00:00]} 11. Bb5 {[%emt 0:00:00]} Bxb5 {[%emt 0:00:00]} 12. axb5 {[%emt 0:00:00]} Nd7 {[%emt 0:00:00]} 13. O-O {[%emt 0:00:00]} h6 {[%emt 0:00:00]} 14. c4 {[%emt 0:00:00]} dxc4 {[%emt 0:00:00]} 15. dxc5 {[%emt 0:00:00]} bxc5 {[%emt 0:00:00]} 16. Qxc4 {[%emt 0:00:00]} g6 {[%emt 0:00:00]} 17. Nd4 {[%emt 0:00:00]} Kg7 {[%emt 0:00:00]} 18. Qxe6 {[%emt 0:00:00]} Nxe5 {[%emt 0:00:00]} 19. Rfe1 {[%emt 0:00:00]} cxd4 {[%emt 0:00:00]} 20. Qxe7 {[%emt 0:00:00]} Qxe7 {[%emt 0:00:00]} 21. Bxe7 {[%emt 0:00:00]} Nd7 {[%emt 0:00:00]} 22. Red1 {[%emt 0:00:00]} Rhc8 {[%emt 0:00:00]} 23. Rxd4 {[%emt 0:00:00]} Nb6 {[%emt 0:00:00]} 24. Rd2 {[%emt 0:00:00]} Nc4 {[%emt 0:00:00]} 25. Re2 {[%emt 0:00:00]} Rab8 {[%emt 0:00:00]} 26. Rxa7 {[%emt 0:00:00]} Rxb5 {[%emt 0:00:00]} 27. h3 {[%emt 0:00:00]} Ne5 {[%emt 0:00:00]} 28. Bd6 {[%emt 0:00:00]} Nc4 {[%emt 0:00:00]} 29. Bg3 {[%emt 0:00:00]} Rf5 {[%emt 0:00:00]} 30. Ree7 {[%emt 0:00:00]} Rd8 {[%emt 0:00:00]} 31. Rad7 {[%emt 0:00:00]} Rxd7 {[%emt 0:00:00]} 32. Rxd7 {[%emt 0:00:00]} Rb5 {[%emt 0:00:00]} 33. Rc7 {[%emt 0:00:00]} Rb1+ {[%emt 0:00:00]} 34. Kh2 {[%emt 0:00:00]} Rb4 {[%emt 0:00:00]} 35. f3 {[%emt 0:00:00]} Ra4 {[%emt 0:00:00]} 36. Bf2 {[%emt 0:00:00]} Kf6 {[%emt 0:00:00]} 37. Rc6+ {[%emt 0:00:00]} Ke7 {[%emt 0:00:00]} 38. c3 {[%emt 0:00:00]} Kd7 {[%emt 0:00:00]} 39. Rf6 {[%emt 0:00:00]} Ke7 {[%emt 0:00:00]} 40. Rf4 {[%emt 0:00:00]} Nb2 {[%emt 0:00:00]} 41. Rxa4 {[%emt 0:00:00]} Nxa4 {[%emt 0:00:00]} 42. Bd4 {[%emt 0:00:00]} Nb2 {[%emt 0:00:00]} 43. Kg3 {[%emt 0:00:00]} Ke6 {[%emt 0:00:00]} 44. Kf4 {[%emt 0:00:00]} h5 {[%emt 0:05:23]} 45. g4 {[%emt 0:00:00]} hxg4 {[%emt 0:00:00]} 46. fxg4 {[%emt 0:00:00]} f6 {[%emt 0:00:59]} 47. h4 {[%emt 0:00:00]} Nc4 {[%emt 0:00:00]} 48. Ke4 {[%emt 0:00:00]} Nd6+ {[%emt 0:00:00]} 49. Kd3 {[%emt 0:00:00]} Nf7 {[%emt 0:00:00]} 50. c4 {[%emt 0:00:00]} Nh6 {[%emt 0:00:00]} 51. Bxf6 {[%emt 0:00:00]} Nxg4 {[%emt 0:00:00]} 52. Bg5 {[%emt 0:00:00]} Ne5+ {[%emt 0:00:00]} 53. Kd4 {[%emt 0:00:00]} Nc6+ {[%emt 0:00:00]} 54. Kc5 {[%emt 0:00:00]} Ne5 {[%emt 0:00:00]} 55. Kb5 {[%emt 0:00:00]} Kd7 {[%emt 0:00:00]} 56. Bf4 {[%emt 0:00:00]} Nc6 {[%emt 0:00:00]} 57. Kc5 {[%emt 0:00:00]} Ne7 {[%emt 0:00:00]} 58. Bg5 {[%emt 0:00:00]} Nc6 {[%emt 0:00:00]} 59. Kd5 {[%emt 0:00:00]} Na5 {[%emt 0:00:00]} 60. c5 {[%emt 0:05:20]} Nc6 {[%emt 0:00:00]} 61. Be3 {[%emt 0:00:20]} Ne7+ {[%emt 0:00:47]} 62. Ke5 {[%emt 0:00:00]} Kc6 {[%emt 0:00:19]} 63. Bf2 {[%emt 0:00:21]} Nd5 {[%emt 0:00:00]} 64. Bg1 {[%emt 0:02:15]} Ne7 {[%emt 0:00:06]} 65. Kf6 {[%emt 0:00:00]} Kd7 {[%emt 0:00:00]} 66. Bf2 {[%emt 0:01:02]} Ke8 {[%emt 0:00:00]} 67. Ke6 {[%emt 0:00:25]} Nf5 {[%emt 0:00:00]} 68. Kf6 {[%emt 0:01:32]} Ne7 {[%emt 0:00:00]} 69. Kg7 {[%emt 0:00:00]} Kd8 {[%emt 0:00:00]} 70. Kf8 {[%emt 0:01:02]} Nc6 {[%emt 0:00:00]} 71. Kf7 {[%emt 0:00:43]} Ne5+ {[%emt 0:00:00]} 72. Ke6 {[%emt 0:00:06]} Nc6 {[%emt 0:01:07]} 73. Be3 {[%emt 0:00:13]} Ke8 {[%emt 0:00:26]} 74. Bg5 {[%emt 0:00:09]} Nd4+ {[%emt 0:01:05]} 75. Kf6 {[%emt 0:00:16]} Nb3 {[%emt 0:00:00]} 76. Be3 {[%emt 0:00:37]} 1-0